Competition law today : (Record no. 173076)

MARC details
000 -LEADER
fixed length control field 00663nam a22002057a 4500
005 - DATE AND TIME OF LATEST TRANSACTION
control field 20200218122616.0
010 ## - LCCN (DPL NO)
LC control number ENG-127898
020 ## - INTERNATIONAL STANDARD BOOK NUMBER
Terms of availability 1595.00
International Standard Book Number 9780199486663
035 ## - SYSTEM CONTROL NUMBER
System control number EN-111430
037 ## - SOURCE OF ACQUISITION
Source of stock number/acquisition DBAD/PUB
082 ## - DEWEY DECIMAL CLASSIFICATION NUMBER
Classification number 343.540721
245 ## - TITLE STATEMENT
Title Competition law today :
Statement of responsibility, etc edited by Vinod Dhall
Remainder of title concepts, issues, and the law in practice/
250 ## - EDITION STATEMENT
Edition statement 2nd.
260 ## - PUBLICATION, DISTRIBUTION, ETC. (IMPRINT)
Place of publication, distribution, etc New Delhi
Date of publication, distribution, etc 2019
Name of publisher, distributor, etc Oxford University Press
270 ## - ADDRESS
Address 2/11 Ground Floor,Ansari Road,Dariyaganj
Postal code 110002
City New Delhi
300 ## - PHYSICAL DESCRIPTION
Extent ix;655p.
Other physical details 23(hb)
500 ## - GENERAL NOTE
General note includes bibliographical references and index<br/>
700 ## - ADDED ENTRY--PERSONAL NAME
Personal name Dhall,Vinod
942 ## - ADDED ENTRY ELEMENTS (KOHA)
Source of classification or shelving scheme Dewey Decimal Classification
Item type English Books
Classification part COM
Call number prefix 343.540721
Holdings
Withdrawn status Lost status Not for loan Collection code Home library Current library Date acquired Source of acquisition Cost, normal purchase price Full call number Barcode Copy number Cost, replacement price Koha item type
      Non-fiction Central Library Central Library 18/02/2020 DBAD/PUB 1595.00 COM EN-111430 1 1595.00 English Books

© Delhi Public Library
Hit Counter
free hit counter